[Event "Steinfurt Bezirksliga 1314"]
[Site "Germany"]
[Date "2014.04.26"]
[Round "8.2"]
[White "Lueke, Reinhard"]
[Black "Brinkmann, Franz Josef"]
[Result "1/2-1/2"]
[WhiteElo "1861"]
[BlackElo "1788"]
[PlyCount "35"]
[EventDate "2013.09.14"]
[EventType "team-tourn"]
[EventRounds "9"]
[EventCountry "GER"]
[SourceTitle "EXT 2015"]
[Source "ChessBase"]
[SourceDate "2014.11.20"]
[SourceVersion "1"]
[SourceVersionDate "2014.11.20"]
[SourceQuality "1"]
[WhiteTeam "Emsdetten Turm III"]
[BlackTeam "Rheine Klein Berlin II"]
[WhiteTeamCountry "GER"]
[BlackTeamCountry "GER"]

1. c4 c5 2. Nf3 Nc6 3. g3 Nf6 4. Bg2 e6 5. 0-0 d5 6. cxd5 exd5 7. d4 Ne4 8. Be3 c4 9. Nc3 Bf5 10. Nh4 Nxc3 11. bxc3 Be6 12. f4 Be7 13. f5 Bc8 14. Qd2 Bf6 15. Rab1 0-0 16. Rb5 Ne7 17. Bg5 a6 18. Bxf6 1/2-1/2

[Event "Steinfurt Bezirksliga 1213"]
[Site "Germany"]
[Date "2013.05.04"]
[Round "9.1"]
[White "Lueke, Reinhard"]
[Black "Terhorst, Timo"]
[Result "1-0"]
[WhiteElo "1860"]
[BlackElo "1649"]
[PlyCount "49"]
[EventDate "2012.09.22"]
[EventType "team-tourn"]
[EventRounds "9"]
[EventCountry "GER"]
[SourceTitle "EXT 2015"]
[Source "ChessBase"]
[SourceDate "2014.11.20"]
[SourceVersion "1"]
[SourceVersionDate "2014.11.20"]
[SourceQuality "1"]
[WhiteTeam "Emsdetten Turm III"]
[BlackTeam "Rheine SG"]
[WhiteTeamCountry "GER"]
[BlackTeamCountry "GER"]

1. c4 e5 2. Nc3 Nf6 3. g3 Bb4 4. Bg2 0-0 5. e3 Re8 6. Nge2 c6 7. d4 d5 8. dxe5 Rxe5 9. 0-0 Bxc3 10. Nxc3 Qa5 11. f4 Rh5 12. cxd5 Bh3 13. Bxh3 Rxh3 14. e4 cxd5 15. exd5 Nbd7 16. Re1 Rd8 17. Be3 Nb6 18. Bd4 Nbxd5 19. Re5 Nxc3 20. bxc3 Qa3 21. Qe2 b6 22. Re1 Qa4 23. Re7 Rh6 24. Qe5 Rxh2 25. Qc7 1-0

[Event "Muensterland Verbandsklasse-A 0607"]
[Site "Germany"]
[Date "2007.05.12"]
[Round "9.3"]
[White "Beyer, Jens"]
[Black "Lueke, Reinhard"]
[Result "1/2-1/2"]
[WhiteElo "1716"]
[BlackElo "1925"]
[PlyCount "49"]
[EventDate "2006.09.23"]
[EventType "team"]
[EventRounds "9"]
[EventCountry "GER"]
[SourceTitle "EXT 2008"]
[Source "ChessBase"]
[SourceDate "2007.11.25"]
[SourceVersion "1"]
[SourceVersionDate "2007.11.25"]
[SourceQuality "1"]
[WhiteTeam "Heiden II"]
[BlackTeam "Emsdetten Turm III"]
[WhiteTeamCountry "GER"]
[BlackTeamCountry "GER"]

1. e4 d6 2. d4 Nf6 3. Nc3 c6 4. f4 Qa5 5. Bd2 Qc7 6. Nf3 e6 7. Bd3 a6 8. a4 g6 9. 0-0 Bg7 10. Ne2 d5 11. e5 Nfd7 12. h4 c5 13. c3 c4 14. Bc2 Nc6 15. h5 b6 16. hxg6 hxg6 17. Ng5 Nf8 18. Qb1 Qe7 19. b4 Nd8 20. b5 a5 21. Bc1 f5 22. exf6 Qxf6 23. Ba3 Rh6 24. Qc1 Ra7 25. Qe3 1/2-1/2

[Event "Steinfurt Bezirksliga 0506"]
[Site "Germany"]
[Date "2005.12.17"]
[Round "4.1"]
[White "Lueke, Reinhard"]
[Black "Roos, Wilfried"]
[Result "1/2-1/2"]
[WhiteElo "1638"]
[BlackElo "1677"]
[PlyCount "48"]
[EventDate "2005.09.24"]
[EventType "team-tourn"]
[EventRounds "9"]
[EventCountry "GER"]
[SourceTitle "EXT 2006"]
[Source "ChessBase"]
[SourceDate "2005.11.24"]
[SourceVersion "1"]
[SourceVersionDate "2005.11.24"]
[SourceQuality "1"]
[WhiteTeam "Emsdetten Turm III"]
[BlackTeam "Falke Saerbeck III"]
[WhiteTeamCountry "GER"]
[BlackTeamCountry "GER"]

1. c4 Nf6 2. Nc3 c5 3. g3 Nc6 4. Bg2 d6 5. Nf3 Bg4 6. d3 g6 7. Bd2 Bg7 8. a3 Qd7 9. h3 Bxf3 10. Bxf3 Nd4 11. Bg2 Rb8 12. Rb1 a6 13. b4 cxb4 14. axb4 0-0 15. 0-0 Rfc8 16. e3 Nc6 17. Qb3 h5 18. f4 Kh7 19. Ne4 Nxe4 20. Bxe4 b5 21. Qd1 bxc4 22. Qxh5+ Kg8 23. Qe2 c3 24. Bc1 c2 1/2-1/2

[Event "Muensterland Verbandsklasse-A 0405"]
[Site "Muensterland"]
[Date "2005.04.23"]
[Round "9.3"]
[White "Lueke, Reinhard"]
[Black "Frie, Michael"]
[Result "1/2-1/2"]
[WhiteElo "1921"]
[BlackElo "1913"]
[PlyCount "72"]
[EventDate "2004.09.11"]
[EventType "team"]
[EventRounds "9"]
[EventCountry "GER"]
[SourceTitle "EXT 2006"]
[Source "ChessBase"]
[SourceDate "2005.11.24"]
[SourceVersion "1"]
[SourceVersionDate "2005.11.24"]
[SourceQuality "1"]
[WhiteTeam "Emsdetten Turm III"]
[BlackTeam "Muenster Indische Dame"]
[WhiteTeamCountry "GER"]
[BlackTeamCountry "GER"]

1. c4 Nf6 2. Nc3 g6 3. e4 d6 4. d4 Bg7 5. f3 Nc6 6. Be3 e5 7. Nge2 a5 8. d5 Ne7 9. c5 0-0 10. cxd6 cxd6 11. Nb5 Ne8 12. Nec3 f5 13. Be2 fxe4 14. fxe4 b6 15. Bf3 Kh8 16. 0-0 Ng8 17. Qd2 Ngf6 18. Bg5 Bd7 19. Be2 a4 20. Rac1 Ra5 21. Qe3 Qb8 22. h4 h5 23. Bh6 Kh7 24. Bxg7 Kxg7 25. Qg5 Rf7 26. Rf2 Bg4 27. Bxg4 Nxg4 28. Rxf7+ Kxf7 29. Rf1+ Nef6 30. Nd1 Rxb5 31. Ne3 Qd8 32. Nxg4 hxg4 33. h5 gxh5 34. Qxh5+ Kg7 35. Qg5+ Kf7 36. Qh5+ Kg7 1/2-1/2

[Event "Muensterland Verbandsklasse-A 0304"]
[Site "Germany"]
[Date "2004.03.27"]
[Round "8.6"]
[White "Lueke, Reinhard"]
[Black "Overesch, Dieter"]
[Result "1-0"]
[WhiteElo "1890"]
[BlackElo "1857"]
[PlyCount "105"]
[EventDate "2003.09.20"]
[EventType "team"]
[EventRounds "9"]
[EventCountry "GER"]
[SourceTitle "EXT 2005"]
[Source "ChessBase"]
[SourceDate "2004.11.15"]
[SourceVersion "1"]
[SourceVersionDate "2004.11.15"]
[SourceQuality "1"]
[WhiteTeam "Emsdetten Turm III"]
[BlackTeam "Nordwalde"]
[WhiteTeamCountry "GER"]
[BlackTeamCountry "GER"]

1. c4 d6 2. d4 Nf6 3. Nc3 Nbd7 4. e4 e5 5. d5 Be7 6. Be3 c6 7. f3 Qa5 8. a3 cxd5 9. cxd5 a6 10. b4 Qd8 11. Bd3 0-0 12. Nge2 Ne8 13. Qd2 b5 14. 0-0 Nb6 15. a4 Nxa4 16. Nxa4 bxa4 17. Rxa4 Bb7 18. Rfa1 Nc7 19. Nc3 Qd7 20. Ra5 g6 21. Na4 Qd8 22. Rc1 Nb5 23. Nb6 Rb8 24. Bxb5 axb5 25. Ra7 f5 26. Rc3 fxe4 27. fxe4 Bg5 28. Bxg5 Qxb6+ 29. Be3 Qd8 30. Qc1 Rf7 31. Bg5 Qb6+ 32. Qe3 Qxe3+ 33. Bxe3 Kg7 34. Ra5 Rc8 35. Rxc8 Bxc8 36. h3 h6 37. Rxb5 Ba6 38. Rb6 Bd3 39. Rxd6 Bxe4 40. b5 Rb7 41. b6 g5 42. Bc5 Rf7 43. Rd8 h5 44. Re8 Rd7 45. Rxe5 Rxd5 46. Rxe4 Rxc5 47. Rb4 Rc8 48. b7 Rb8 49. Rb6 Kh7 50. Kf2 Rf8+ 51. Ke3 Rb8 52. Kd4 Kg7 53. Kd5 1-0

[Event "Muensterland Verbandsklasse-A 0203"]
[Site "Muensterland"]
[Date "2003.03.15"]
[Round "7.2"]
[White "Jacob, Helmut"]
[Black "Lueke, Reinhard"]
[Result "1-0"]
[WhiteElo "2182"]
[BlackElo "1901"]
[PlyCount "55"]
[EventDate "2002.09.28"]
[EventType "team"]
[EventRounds "9"]
[EventCountry "GER"]
[SourceTitle "EXT 2004"]
[Source "ChessBase"]
[SourceDate "2003.11.25"]
[SourceVersion "1"]
[SourceVersionDate "2003.11.25"]
[SourceQuality "1"]
[WhiteTeam "Ochtrup"]
[BlackTeam "Emsdetten Turm III"]
[WhiteTeamCountry "GER"]
[BlackTeamCountry "GER"]

1. e4 d6 2. Nf3 Bg4 3. Bc4 e6 4. h3 Bxf3 5. Qxf3 c6 6. d4 d5 7. exd5 cxd5 8. Bd3 Nc6 9. c3 Nf6 10. 0-0 Be7 11. Re1 0-0 12. Bf4 Re8 13. Nd2 Bd6 14. Be5 Bxe5 15. dxe5 Nd7 16. Qg3 f5 17. exf6 Nxf6 18. Nf3 Qd7 19. Rad1 Rad8 20. Re2 Qd6 21. Qxd6 Rxd6 22. Rde1 a6 23. Bc2 h6 24. Bg6 Re7 25. Nh4 Kf8 26. f4 Nd7 27. Bb1 Re8 28. Nf5 1-0

[Event "Muensterland Verbandsliga 0203"]
[Site "Muensterland"]
[Date "2002.12.07"]
[Round "4.7"]
[White "Lueke, Reinhard"]
[Black "Beckmann, Christian"]
[Result "1-0"]
[WhiteElo "1901"]
[BlackElo "1662"]
[PlyCount "131"]
[EventDate "2002.09.21"]
[EventType "team"]
[EventRounds "9"]
[EventCountry "GER"]
[SourceTitle "EXT 2004"]
[Source "ChessBase"]
[SourceDate "2003.11.25"]
[SourceVersion "1"]
[SourceVersionDate "2003.11.25"]
[SourceQuality "1"]
[WhiteTeam "Emsdetten Turm II"]
[BlackTeam "Ahaus Wessum"]
[WhiteTeamCountry "GER"]
[BlackTeamCountry "GER"]

1. c4 c5 2. Nc3 Nc6 3. g3 Nf6 4. Bg2 g6 5. e3 e6 6. d4 cxd4 7. exd4 d5 8. Nge2 Bg7 9. 0-0 0-0 10. Bf4 dxc4 11. Bxc6 bxc6 12. Qa4 Bb7 13. Qxc4 Nd5 14. Be5 f6 15. Bf4 Kh8 16. Ne4 e5 17. dxe5 fxe5 18. Bg5 Qb6 19. Nc5 Bc8 20. Rac1 Bh3 21. Rfd1 e4 22. Nc3 Qxb2 23. N3xe4 Nb6 24. Qb3 Bf5 25. Qxb2 Bxb2 26. Rc2 Ba3 27. Rcd2 Bxc5 28. Nxc5 Nc4 29. Rd4 Ne5 30. Kg2 Bg4 31. Rb1 Bf3+ 32. Kg1 Bd5 33. Rxd5 cxd5 34. Bf4 Rfe8 35. Rb7 g5 36. Be3 d4 37. Bxd4 Kg8 38. Kg2 Nf7 39. Nd7 Re6 40. Nf6+ Kf8 41. Nxh7+ Ke8 42. Nf6+ Kf8 43. Nh7+ Kg8 44. Nxg5 Nxg5 45. Rg7+ Kf8 46. Rxg5 Ke7 47. Rg7+ Kd6 48. Rxa7 Ree8 49. Rxa8 Rxa8 50. h4 Rxa2 51. h5 Kd5 52. Bg7 Ke6 53. g4 Kf7 54. Be5 Kg8 55. Kg3 Kh7 56. g5 Ra5 57. f4 Rd5 58. Kg4 Rd1 59. Kf5 Re1 60. Kf6 Rh1 61. h6 Kg8 62. Kg6 Rh3 63. f5 Rh1 64. f6 Re1 65. f7+ Kf8 66. Bd6+ 1-0

[Event "Muensterland Verbandsklasse-A 0203"]
[Site "Muensterland"]
[Date "2002.11.23"]
[Round "3.1"]
[White "Lueke, Reinhard"]
[Black "Schugal, Michael"]
[Result "1/2-1/2"]
[WhiteElo "1901"]
[BlackElo "2146"]
[PlyCount "84"]
[EventDate "2002.09.28"]
[EventType "team"]
[EventRounds "9"]
[EventCountry "GER"]
[SourceTitle "EXT 2004"]
[Source "ChessBase"]
[SourceDate "2003.11.25"]
[SourceVersion "1"]
[SourceVersionDate "2003.11.25"]
[SourceQuality "1"]
[WhiteTeam "Emsdetten Turm III"]
[BlackTeam "Muenster SK III"]
[WhiteTeamCountry "GER"]
[BlackTeamCountry "GER"]

1. c4 e5 2. Nc3 Nf6 3. e4 Bc5 4. g3 d6 5. Bg2 Ng4 6. Nh3 h5 7. d3 h4 8. Qf3 Nc6 9. Be3 Nd4 10. Bxd4 Bxd4 11. 0-0-0 c6 12. Ne2 Bc5 13. d4 exd4 14. Nxd4 Ne5 15. Qe2 Qf6 16. Nf5 g6 17. Ne3 Be6 18. Nf4 h3 19. Bf1 0-0-0 20. Nxe6 fxe6 21. f4 Nf7 22. Ng4 Qg7 23. e5 d5 24. Nf6 Kb8 25. Qg4 g5 26. Qxe6 Be3+ 27. Kb1 gxf4 28. gxf4 Bxf4 29. Bxh3 Nxe5 30. cxd5 Rxh3 31. Qxh3 Qxf6 32. dxc6 Nxc6 33. Rxd8+ Qxd8 34. Rf1 Bd6 35. Rd1 Qe7 36. Qf5 a6 37. h4 Bc5 38. h5 Nd4 39. Qf4+ Qc7 40. Rxd4 Bxd4 41. Qxd4 Qh7+ 42. Kc1 Qxh5 1/2-1/2